Guess the Taylor Swift Song (Speak Now TV) 9 - Statistics

General Stats
  • This quiz has been taken 13 times
  • The average score is 389 of 429
Answer Stats
Answer % Correct
a
100%
all
100%
and
100%
And
100%
back
100%
for
100%
go
100%
how
100%
I
100%
I'm
100%
love
100%
made
100%
me
100%
me,
100%
my
100%
of
100%
see
100%
so
100%
So
100%
the
100%
The
100%
this
100%
time
100%
to
100%
We
100%
we
100%
you
100%
You
100%
again
90%
Because
90%
but
90%
But
90%
can't
90%
change
90%
cry
90%
days
90%
December
90%
December,
90%
dreaming
90%
ever
90%
family?
90%
first
90%
gave
90%
glad
90%
good,
90%
good
90%
had
90%
haven't
90%
I'd
90%
if
90%
in
90%
is
90%
Is
90%
It
90%
it
90%
know
90%
last
90%
left
90%
loved
90%
make
90%
Maybe
90%
mind
90%
mine
90%
miss
90%
night
90%
nothing
90%
on
90%
out
90%
own
90%
saw
90%
seen
90%
Standing
90%
still
90%
tell
90%
that
90%
them
90%
then
90%
there
90%
was
90%
were
90%
what
90%
when
90%
When
90%
why
90%
your
90%
Your
90%
ain't
80%
arms
80%
around
80%
been
80%
burned
80%
came,
80%
chain
80%
didn't
80%
die
80%
door,
80%
fall
80%
freedom
80%
from
80%
front
80%
held
80%
How's
80%
how's
80%
life,
80%
missing
80%
pride
80%
Probably
80%
realized
80%
right
80%
roses
80%
saying
80%
September
80%
skin,
80%
smile,
80%
sorry
80%
swallowing
80%
swear
80%
sweet
80%
talk,
80%
tan
80%
think
80%
thinking
80%
turn
80%
turns
80%
understand
80%
up
80%
while
80%
wishful
80%
Wishing
80%
about
70%
birthday
70%
busier
70%
call
70%
cold
70%
goodbye
70%
guard
70%
laughing
70%
mindless
70%
passed
70%
side
70%
sleeping
70%
small
70%
summer,
70%
These
70%
watched
70%
weather
70%
You've
70%
beautiful
60%
dark
60%
fear
60%
myself
60%
passenger
60%
Staying
60%
times
60%
work
60%
crept
50%
into
50%
leaving
50%
playing
50%
No matching quizzes found
Score Distribution
Percent of People with Each Score
Percentile by Number Answered
Your Score History
You have not taken this quiz